Kouřit či nekouřit? /

Main Author: Pavlík, Ivo, 1915-
Corporate Author: Československo. Ministerstvo zdravotnictví
Language: Czech
Published: Praha : Výzkumný ústav zdravotnické osvěty, 1955
Edition: 1. vyd.
Series: Na pomoc přednášejícím (Výzkumný ústav zdravotnické osvěty)
Physical Description: 8 s. ; 8°
Book
Saved in:
LEADER 01008nam a22002892a 4500
001 000308588
003 CZ BrMZK
005 20140826171654.0
008 010907s1955 xr f cze d
015 |a cnb000720030 
035 |a (OCoLC)85445791 
040 |a ABA001  |b cze  |c OLA001  |d ABA001 
100 1 |a Pavlík, Ivo,  |d 1915-  |7 nlk20010092764  |4 aut 
245 1 0 |a Kouřit či nekouřit? /  |c Ivo Pavlík 
250 |a 1. vyd. 
260 |a Praha :  |b Výzkumný ústav zdravotnické osvěty,  |c 1955 
300 |a 8 s. ;  |c 8° 
490 1 |a Na pomoc přednášejícím ;  |v sv. 59 
500 |a 5000 výt. 
500 |a Zdarma pro potř. zdravot. osvěty 
500 |a Vyd. min. zdravot. 
710 1 |a Československo.  |b Ministerstvo zdravotnictví  |7 nlk20040156125 
830 0 |a Na pomoc přednášejícím (Výzkumný ústav zdravotnické osvěty) 
910 |a BOA001  |b X-0347.566 
990 |a BK 
991 |b 201408 
996 6 |b 2619835900  |c X-0347.566  |l MZK  |r Sklad / do 24 hodin  |n 8  |w 000308588  |u 000010  |a 1  |e BOA001  |j MZK50  |s P